000 00441nam a22001817a 4500
005 20250705151551.0
008 250705b |||||||| |||| 00| 0 eng d
020 _a9780571221530
_qpbk
041 _aeng
082 _a823.92 TAY
100 _aTaylor. G. P
245 _aTersias
_c/ G.P.Taylor
250 _a1st ed
260 _aLondon
_bFaber & Faber
_c2005
300 _a320p. :
_c22cm
650 _aEnglish Fiction
942 _cENGLISH
999 _c574819
_d574819